[Event "SRI-chB (Women)"]
[Site "Mount Lavinia"]
[Date "2022.03.16"]
[Round "2"]
[White "Abeysekara, Yasasi Geemini"]
[Black "Pallie, Ehsha Mishela"]
[Result "0-1"]
[WhiteElo "1212"]
[BlackElo "1455"]
[PlyCount "70"]
[EventDate "2022.03.16"]
[EventType "swiss"]
[EventRounds "10"]
[EventCountry "SRI"]
[SourceTitle "EXT 2023"]
[Source "ChessBase"]
[SourceDate "2022.10.05"]
[SourceVersion "1"]
[SourceVersionDate "2022.10.05"]
[SourceQuality "1"]

1. e4 c5 2. Nf3 d6 3. d4 cxd4 4. Nxd4 Nf6 5. Nc3 a6 6. f3 e5 7. Nb3 Be6 8. Be3 h5 9. Nd5 Bxd5 10. exd5 Nbd7 11. h4 Rc8 12. c4 g6 13. Bd3 Bg7 14. Rc1 0-0 15. Qd2 Re8 16. Bg5 e4 17. fxe4 Nxe4 18. Bxd8 Nxd2+ 19. Kxd2 Rexd8 20. Rc2 Ne5 21. Be2 Rc7 22. Na1 Rdc8 23. b3 Rc5 24. a4 Ng4 25. Bxg4 hxg4 26. Kd3 b5 27. Re1 Rb8 28. axb5 axb5 29. Ra2 Rbc8 30. Rc1 bxc4+ 31. bxc4 Rxd5+ 32. cxd5 Rxc1 33. Nb3 Rc3+ 34. Ke4 f5+ 35. Kf4 Bh6# 0-1

[Event "SRI-ch U14 Girls"]
[Site "Delkanda"]
[Date "2021.04.10"]
[Round "8"]
[White "Abeysekara, Yasasi Geemini"]
[Black "Gunawardhana, Devindya Oshini"]
[Result "0-1"]
[WhiteElo "1219"]
[BlackElo "1358"]
[PlyCount "136"]
[EventDate "2021.04.02"]
[EventType "tourn"]
[EventRounds "9"]
[EventCountry "SRI"]
[SourceTitle "EXT 2022"]
[Source "ChessBase"]
[SourceDate "2021.10.06"]
[SourceVersion "1"]
[SourceVersionDate "2021.10.06"]
[SourceQuality "1"]

1. d4 Nf6 2. c4 e6 3. g3 d5 4. Nf3 Bb4+ 5. Bd2 Be7 6. Bg2 0-0 7. 0-0 Nbd7 8. Qb3 b6 9. Nc3 Bb7 10. Rac1 Rc8 11. cxd5 Nxd5 12. Nxd5 Bxd5 13. Qd3 Nf6 14. Nh4 c5 15. dxc5 bxc5 16. Be3 Qa5 17. a3 Rfd8 18. Qc2 Bxg2 19. Nxg2 Ng4 20. Rfd1 Nxe3 21. Nxe3 Rxd1+ 22. Rxd1 Qc7 23. Nc4 g6 24. Qa4 Rd8 25. e3 Kg7 26. Qc2 Rd5 27. Rd3 Qd7 28. Rd2 Rxd2 29. Qxd2 Qxd2 30. Nxd2 Kf6 31. f4 e5 32. Kf2 Ke6 33. e4 f5 34. Ke3 g5 35. Nf3 exf4+ 36. gxf4 gxf4+ 37. Kxf4 fxe4 38. Kxe4 a6 39. Ne5 Bd6 40. Nf3 Be7 41. Nd2 Bd6 42. h3 h6 43. Nc4 Be7 44. b3 Bf6 45. a4 Be7 46. Na5 Bd8 47. Nb7 Be7 48. a5 Bf8 49. Nd8+ Kd7 50. Nf7 Kc6 51. Ne5+ Kb5 52. Nc4 Kb4 53. Kd5 Kxb3 54. h4 h5 55. Nb6 Kb4 56. Nc4 Be7 57. Ne5 Bxh4 58. Nd3+ Kxa5 59. Nf4 Kb5 60. Nxh5 a5 61. Nf4 c4 62. Ne2 Bf6 63. Nf4 c3 64. Ke4 c2 65. Nd3 Bb2 66. Kd5 c1Q 67. Nxc1 Bxc1 68. Kd4 Kb4 0-1

[Event "SRI-ch U14 Girls"]
[Site "Delkanda"]
[Date "2021.04.04"]
[Round "6"]
[White "Abeysekara, Yasasi Geemini"]
[Black "Sanudula, KM Dahamdi"]
[Result "0-1"]
[WhiteElo "1219"]
[BlackElo "1707"]
[PlyCount "104"]
[EventDate "2021.04.02"]
[EventType "tourn"]
[EventRounds "9"]
[EventCountry "SRI"]
[SourceTitle "EXT 2022"]
[Source "ChessBase"]
[SourceDate "2021.10.06"]
[SourceVersion "1"]
[SourceVersionDate "2021.10.06"]
[SourceQuality "1"]

1. d4 d5 2. c4 e6 3. Nf3 Nf6 4. g3 Bb4+ 5. Bd2 Be7 6. Bg2 0-0 7. 0-0 Nbd7 8. Nc3 dxc4 9. e4 c5 10. Be3 cxd4 11. Bxd4 Bc5 12. Qe2 Bxd4 13. Nxd4 Ne5 14. Rfd1 Nd3 15. Ndb5 e5 16. Bf3 a6 17. Na3 b5 18. Nc2 Qa5 19. Ne1 Nxe1 20. Qxe1 Be6 21. Qe3 Rad8 22. Qc5 Nd7 23. Qe3 Qb6 24. Qe2 Nc5 25. Nd5 Bxd5 26. exd5 e4 27. Bg2 f5 28. Qe3 Na4 29. Qd2 Nc5 30. Qe3 Rf6 31. Bh3 g6 32. g4 f4 33. Qe2 Rfd6 34. Qc2 Rxd5 35. Rxd5 Rxd5 36. b3 cxb3 37. axb3 Qd8 38. b4 Nd3 39. Qc3 Qb6 40. Ra2 Ne5 41. Qb3 Qd4 42. Rxa6 Qd1+ 43. Qxd1 Rxd1+ 44. Kg2 Nf3 45. Ra8+ Kg7 46. Ra7+ Kf8 47. Ra8+ Ke7 48. Ra7+ Kd8 49. Ra8+ Kc7 50. Rc8+ Kb7 51. Rc7+ Kxc7 52. g5 Rg1# 0-1

[Event "SRI-ch U14 Girls"]
[Site "Maharaga"]
[Date "2020.08.30"]
[Round "5"]
[White "Abeysekara, Yasasi Geemini"]
[Black "Sanudula, KM Dahamdi"]
[Result "0-1"]
[WhiteElo "1217"]
[BlackElo "1457"]
[PlyCount "120"]
[EventDate "2020.08.29"]
[EventType "tourn"]
[EventRounds "11"]
[EventCountry "SRI"]
[SourceTitle "EXT 2022"]
[Source "ChessBase"]
[SourceDate "2021.10.06"]
[SourceVersion "1"]
[SourceVersionDate "2021.10.06"]
[SourceQuality "1"]

1. d4 d5 2. c4 e6 3. Nc3 Nf6 4. Nf3 Be7 5. Bg5 0-0 6. e3 b6 7. Bd3 h6 8. Bh4 Bb7 9. 0-0 Ne4 10. Bxe7 Qxe7 11. Ne5 Nd7 12. Nxd7 Qxd7 13. Rc1 Qe7 14. a3 f5 15. Ne2 Rac8 16. Nf4 Rfd8 17. Ng6 Qf6 18. Ne5 Nc5 19. b4 Nxd3 20. Qxd3 dxc4 21. Nxc4 c5 22. bxc5 bxc5 23. Qb3 Rb8 24. Qc3 cxd4 25. Qd3 Be4 26. Qd2 Qg5 27. f3 dxe3 28. Qxe3 Qxe3+ 29. Nxe3 Rd3 30. fxe4 Rxe3 31. exf5 exf5 32. Rxf5 Rxa3 33. h3 Rb7 34. h4 Kh7 35. h5 Rab3 36. Rcc5 a6 37. Ra5 R3b5 38. Rfxb5 axb5 39. Ra1 Kg8 40. Rf1 b4 41. Rb1 b3 42. Kf2 Kf7 43. Kf3 Rb4 44. Ke3 Kf6 45. Kd3 Kg5 46. Kc3 Rb7 47. Kb2 Kxh5 48. Rf1 Kg4 49. Rf3 g5 50. Rh3 h5 51. Rf3 h4 52. Rh3 Rb4 53. Rf3 Rf4 54. Rc3 Rf2+ 55. Kxb3 Rxg2 56. Rc4+ Kh3 57. Rc3+ Rg3 58. Rxg3+ hxg3 59. Kc2 g2 60. Kd2 g1Q 0-1

[Event "SRI-ch U14 Girls"]
[Site "Maharaga"]
[Date "2020.08.30"]
[Round "6"]
[White "Abeysekara, Yasasi Geemini"]
[Black "Wilvalaarachchi, Oneli Omaya"]
[Result "0-1"]
[WhiteElo "1217"]
[BlackElo "1378"]
[PlyCount "96"]
[EventDate "2020.08.29"]
[EventType "tourn"]
[EventRounds "11"]
[EventCountry "SRI"]
[SourceTitle "EXT 2022"]
[Source "ChessBase"]
[SourceDate "2021.10.06"]
[SourceVersion "1"]
[SourceVersionDate "2021.10.06"]
[SourceQuality "1"]

1. d4 Nf6 2. c4 e6 3. Nc3 d5 4. Bg5 Nbd7 5. e3 Be7 6. Nf3 a6 7. Bd3 dxc4 8. Bxc4 b5 9. Bd3 Bb7 10. 0-0 h6 11. Bh4 0-0 12. Rc1 c5 13. Qe2 c4 14. Bb1 Rc8 15. Rfd1 b4 16. Na4 Qa5 17. b3 c3 18. Bd3 g5 19. Bg3 Ne4 20. Rc2 Nxg3 21. hxg3 f5 22. Rdc1 g4 23. Ne5 Nxe5 24. dxe5 Qd5 25. f3 gxf3 26. gxf3 Qxe5 27. Bxa6 Bxa6 28. Qxa6 Qxe3+ 29. Kh2 Rcd8 30. Qe2 Rd2 31. Rxd2 Qxd2 32. Qxd2 cxd2 33. Rd1 Rd8 34. Nb6 Bf6 35. Na4 e5 36. Kg2 e4 37. fxe4 fxe4 38. Kf2 Bd4+ 39. Ke2 e3 40. Kf3 Rf8+ 41. Ke4 e2 42. Kxd4 exd1Q 43. Nb2 Qa1 44. Kc4 Qxb2 45. a4 Qc3+ 46. Kb5 Rb8+ 47. Ka5 Qc5+ 48. Ka6 Qb6# 0-1

[Event "Asian-ch U10 Girls Rapid"]
[Site "Chiangmai"]
[Date "2018.04.01"]
[Round "1.1"]
[White "Edithso, Samantha"]
[Black "Abeysekara, Yasasi Geemini"]
[Result "1-0"]
[WhiteElo "1968"]
[BlackElo "1079"]
[PlyCount "53"]
[EventDate "2018.04.01"]
[EventType "swiss (rapid)"]
[EventRounds "7"]
[EventCountry "THA"]
[SourceTitle "EXT 2024"]
[Source "ChessBase"]
[SourceDate "2023.10.10"]
[SourceVersion "1"]
[SourceVersionDate "2023.10.10"]
[SourceQuality "1"]

1. e4 c5 2. Nf3 Nc6 3. d4 cxd4 4. Nxd4 Nf6 5. Nc3 e5 6. Ndb5 a6 7. Nd6+ Bxd6 8. Qxd6 Nd4 9. Qxe5+ Ne6 10. Bg5 d6 11. Qg3 h6 12. Bxf6 gxf6 13. 0-0-0 Ke7 14. Nd5+ Kd7 15. Qb3 Ke8 16. Qc3 Kf8 17. Nxf6 Qe7 18. Nd5 Qg5+ 19. Kb1 Qe5 20. Qxe5 dxe5 21. Nb6 Rb8 22. Bc4 Ke7 23. Rd5 f6 24. Rhd1 Rd8 25. Rxd8 Nxd8 26. Nd5+ Kf7 27. Nxf6+ 1-0